Set theory and hierarchy theory V

Wedi'i Gadw mewn:
Manylion Llyfryddiaeth
Prif Awduron: Lachlan, Alistair (Awdur), Srebrny, Marian (Awdur), Zarach, Andrzej (Awdur)
Fformat: Llyfr
Iaith:Saesneg
Cyhoeddwyd: Berlín Springer-Verlag 1977
Cyfres:Lecture Notes in Mathematics, 619
Pynciau:
Tagiau: Ychwanegu Tag
Dim Tagiau, Byddwch y cyntaf i dagio'r cofnod hwn!

MARC

LEADER 00000nam a2200000 a 4500
001 UCQ8499
003 CL-VaPUC
008 981210e19770000GW |||||||||||||||||eng|d
082 0 4 |a 511.322  |b LAC  |2 21 
100 0 |a Lachlan, Alistair  |e author  |9 422503 
700 0 |a Srebrny, Marian  |e author  |9 422504 
700 0 |a Zarach, Andrzej  |e author  |9 422505 
245 1 0 |a Set theory and hierarchy theory V 
300 |a 358 p 
942 |c BK 
945 |d 19981210 00:00:00  |a cmena 
260 |a Berlín  |b Springer-Verlag  |c 1977 
650 0 |a Teoría de conjuntos   |9 265668 
650 0 |a Álgebra  |9 259567 
650 0 |a Álgebra de Boole  |9 270013 
650 0 |a Cálculo diferencial   |9 260102 
650 0 |a Aritmética   |9 270049 
583 |a last modification  |c 19981210 00:00:00  |k Rodrigo Vera 
490 0 |a Lecture Notes in Mathematics, 619 
999 |c 277745  |d 277743 
952 |0 0  |1 0  |4 0  |6 511_322000000000000_LAC_1977  |7 0  |8 A  |9 315944  |a BIBMAT  |b BIBMAT  |d 2019-11-20  |i 1306227  |o 511.322 LAC 1977  |p 1306227  |r 2025-01-07  |w 2019-11-20  |y BK  |k MAT